[Event "Minsk op"]
[Site "Minsk"]
[Date "2023.11.07"]
[Round "5"]
[White "Dmukhovskaya, Eva"]
[Black "Zolotenkov, Vasilly"]
[Result "0-1"]
[WhiteElo "1142"]
[BlackElo "1437"]
[PlyCount "136"]
[EventDate "2023.11.03"]
[EventType "swiss"]
[EventRounds "9"]
[EventCountry "BLR"]
[SourceTitle "CB46_2023"]
[SourceDate "2023.11.15"]
[SourceVersion "1"]
[SourceVersionDate "2023.11.15"]
[SourceQuality "1"]

1. e4 c5 2. Nf3 g6 3. d4 cxd4 4. Nxd4 Bg7 5. Nc3 Nc6 6. Nde2 Nf6 7. g3 0-0 8. Bg2 a6 9. a4 Rb8 10. 0-0 b5 11. axb5 axb5 12. Nd5 Nxd5 13. Qxd5 Ne5 14. Qb3 d6 15. Nf4 Bd7 16. Be3 Nc4 17. Ra2 Nxe3 18. Qxe3 b4 19. Nd3 Be6 20. Raa1 Bc4 21. Rab1 Qc7 22. Rfe1 Rfc8 23. Qd2 Qa5 24. Ra1 Qb5 25. Rab1 b3 26. Bf1 bxc2 27. Rbc1 Bxd3 28. Bxd3 Qxb2 29. Rxc2 Qxc2 30. Qxc2 Rxc2 31. Bxc2 Bd4 32. Rb1 Rc8 33. Bd1 Kg7 34. Kg2 Kf6 35. Bf3 Rc2 36. Rf1 Ke5 37. Kg1 f5 38. exf5 gxf5 39. Re1+ Kf6 40. Re2 Rc3 41. Bd5 e5 42. Kg2 Rd3 43. Bc4 Rd1 44. Ra2 Bc5 45. Be2 Rd4 46. Bf3 Rb4 47. Bd5 e4 48. f3 Ke5 49. fxe4 fxe4 50. Bc6 d5 51. Rc2 Bb6 52. Ra2 d4 53. Ba4 d3 54. Bd1 Rb1 55. Bh5 Rg1+ 56. Kh3 e3 57. Rb2 Bc5 58. Bf3 d2 59. Rb8 d1Q 60. Re8+ Kf6 61. Bxd1 Rxd1 62. Kg2 Rd2+ 63. Kf1 Rf2+ 64. Ke1 Bb4+ 65. Kd1 Rd2+ 66. Kc1 Ba3+ 67. Kb1 e2 68. Rxe2 Rxe2 0-1